Statistiques concernant Les pays d'Afrique les plus orientaux

Cliquez ici pour prendre le quiz!

Statistiques générales

  • Ce quiz a été pris 2 392 fois
  • Le résultat moyen est 9 sur 10

Statistiques - réponses

LongitudePays% Correct
51° 28' ESomalie
97%
50° 40' EMadagascar
94%
48° 00' EÉthiopie
93%
41° 00' EKenya
93%
43° 07' EÉrythrée
91%
43° 25' EDjibouti
90%
56° 16' ESeychelles
85%
40° 45' EMozambique
85%
63° 30' EMaurice
84%
44° 32' EComores
81%

Distribution des résultats

Percentile par nombre de réponses

% des personnes avec chaque résultat

Votre développement - résultats

Vous n’avez pas pris ce quiz